<?xml version="1.0" encoding="UTF-8"?>
<collection xmlns="http://www.loc.gov/MARC21/slim">
  <record>
    <leader>00000nam  2200000   4500</leader>
    <controlfield tag="001">INLIS000000000001693</controlfield>
    <controlfield tag="005">20180724142845</controlfield>
    <controlfield tag="008">180724|||||||||   |   |||   |||| ||   | </controlfield>
    <datafield tag="035" ind1=" " ind2=" ">
      <subfield code="0">010-0718001693</subfield>
    </datafield>
    <datafield tag="041" ind1=" " ind2=" ">
      <subfield code="a">id</subfield>
    </datafield>
    <datafield tag="082" ind1=" " ind2=" ">
      <subfield code="a">R.030 PIM I 2016</subfield>
    </datafield>
    <datafield tag="090" ind1=" " ind2=" ">
      <subfield code="a">R.030 PIM I 2016</subfield>
    </datafield>
    <datafield tag="100" ind1=" " ind2=" ">
      <subfield code="a">Sinaga Mangihut</subfield>
    </datafield>
    <datafield tag="245" ind1=" " ind2=" ">
      <subfield code="a">Kebijakan Revitalisasi Integritas Aparatur Kejaksaan Melalui Mata Diklat Revolusi Mental Di Badan Diklat Kejaksaan RI</subfield>
    </datafield>
    <datafield tag="260" ind1=" " ind2=" ">
      <subfield code="a">Jakarta</subfield>
      <subfield code="b">LAN Jakarta</subfield>
      <subfield code="c">2016</subfield>
    </datafield>
    <datafield tag="300" ind1=" " ind2=" ">
      <subfield code="a">vii, 81 hlm. Ilus, 30 cm</subfield>
    </datafield>
    <datafield tag="500" ind1=" " ind2=" ">
      <subfield code="a">Gagasan proyek perubahan yang akan dilaksanakan diharapkan dapat memberi manfaat yang nyata kepada aparatur Kejaksaan RI diharapkan dapat memberi manfaat yang nyata kepada aparatur Kejaksaan RI, yaitu tersedianya aparatur sipil negara (ASN) Kejaksaan yang berintegritas, mampu bekerja dengan mengedepankan sikap dan cara pandang optimistic dalam menatap masa depan yang berprestasi dan produktif serta mewujudkan integritas, professional, semangat kerja keras, dan berhati nurani.  Bahwa pelaksanaan proyek perubahan selama kurun waktu empat bulan, telah berhasil dengan baik yang diidentifikasi dengan adanya perubahan pola pikir dan semangat perubahan serta kebersamaan para tim dengan integritas yang tinggi serta adanya komitmen dari mentor dan project leaders tentang arti pentingnya proyek perubahan ini pada kinerja Badan Diklat Kejaksaan RI; adanya kesadaran aparatur Kejaksaan tentang tugas dan fungsi Kejaksaan RI, sehingga lebih dapat melaksanakan tugas dengan menjunjung nilai-nilai kejujuran dan integritas yang tinggi sesuai dengan semangat revolusi mental.</subfield>
    </datafield>
    <datafield tag="650" ind1=" " ind2=" ">
      <subfield code="a">Revolusi Mental</subfield>
    </datafield>
  </record>
</collection>
